=LDR 00000nam 2200000 4500 =001 INLIS000000000017733 =005 20130612112942 =008 ***********************************Ind** =035 ##$$0010-061300000017733 =041 ##$$a Ind =082 ##$$a 2x2 =090 ##$$a 2x2, Qas s =100 ##$$a Al-Qasim, Abdul Malik =245 ##$$a Sunnah-sunnah yang jarang dialmalkan, Abdul Malik Al-Qasim =260 ##$$a [19...?] $b Solo =300 ##$$a 152 hlm, 18 cm =650 ##$$a Hadis =850 ##$$a NBPNMAT